[Event "Chess"]
[Site "chess24.com"]
[Date "2023.06.06"]
[Round "13.1"]
[White "Carlsen, Magnus"]
[Black "Firouzja, Alireza"]
[Result "1/2-1/2"]
[WhiteElo "2853"]
[BlackElo "2785"]
[EventDate "2023.??.??"]
[Annotator "Bojkov,Dejan"]
[PlyCount "103"]
[Beauty "5499302988880"]
[EventType "team-tourn"]
[EventCountry "NOR"]

1.e4 c5 2.Nf3 e6 ( {A similar position to the one that we shall witness later in the game can be reached via the Rossolimo after} 2...Nc6 3.Bb5 e6 4.O-O g6 5.Bxc6 bxc6 6.d3 ) 3.Bd3 {An original move, courtesy of Mr. Grischuk. True, he only played it in blitz…} 3...Nc6 ( {In case of the straightoforward} 3...d5 {White can react with} 4.e5 ( {Or with} 4.c3 $5 {[%c_effect c3;square;c3;type;Interesting;persistent;true]} 4...dxe4 5.Bxe4 Nf6 6.Bc2 ) ) 4.O-O g5 {Nope, that is not yet a novelty.} ( {Grischuk faced:} 4...d5 5.exd5 exd5 6.Bb5 Bg4 7.Qe1+ Be7 8.Ne5 Bd7 9.Bxc6 Bxc6 10.d3 Nf6 11.Nxc6 bxc6 12.Qe2 O-O 13.Nc3 Re8 {as in Grischuk,A (2764)-Andreikin,D (2724) Chess. com INT 2022} ) 5.Bb5 $146 {This is the novelty. Carlsen enters the Rossolimo, down a tempo.} ( {The predecessor saw:} 5.Be2 g4 6.Ne1 h5 7.c3 Nf6 8.d3 d5 9.exd5 exd5 10.Bg5 Be7 11.Nc2 Be6 12.Nd2 {and eventually emerged victorious in Firman $146 (2492)-Omelja,A (2509) Kiev 2021} ) 5...Bg7 6.Bxc6 bxc6 7.d3 {In comparison to the Rossolimo reference from above, White is indeed down a tempo. But does the move …g7-g5 really help the second player $2} 7...g4 {This is about to be determined soon.} ( {In case of} 7...h6 {White may try to use the holes in the opponent's foundation with} 8.e5 Ne7 9.Nbd2 ) 8.Nfd2 h5 9.Nb3 $1 {[%c_effect b3;square;b3;type;GreatFind;persistent;true] The beginning of a spectacular maneuver.} ( {Carlsen is right not to attack at once.} 9.f3 {can be met instead with either of the pawn sacrifices} 9...d5 $5 {[%c_effect d5;square;d5;type;Interesting;persistent;true]} ( {Or first} 9...g3 $5 {[%c_effect g3;square;g3;type;Interesting;persistent;true]} 10.hxg3 {and then} 10...d5 ) 10.fxg4 hxg4 11.Qxg4 Bd4+ 12.Kh1 Nf6 {and Black has rich play for the pawn.} ) 9...d6 10.f4 {Now this is good.} 10...Ne7 {And now, ladies and gentlemen...} ( {Firouzja correctly avoids} 10...gxf3 11.Qxf3 Qc7 12.Na3 {and there is a decent chance that the black king never leaves the center.} ) 11.Bd2 $3 {[%c_effect d2;square;d2;type;Brilliant;persistent;true] White finds a way to bring everyone out at a very low cost.} 11...Bxb2 12.Ba5 $1 {[%c_effect a5;square;a5;type;GreatFind;persistent;true] Thank you, Nb3 $1} 12...Qd7 13.N1d2 {All the pieces are out. Next, Carlsen will concentrate his efforts against the main dark-square-d6-keeper.} 13...Bg7 ( {Firouzja knows that he cannot survive without a single piece to battle for the dark squares. Indeed} 13...Bxa1 $2 {[%c_effect a1;square;a1;type;Mistake;persistent;true]} 14.Qxa1 Ng6 15.Qg7 Qe7 16.Nc4 {is plain hopeless for the second player.} ) ( {But maybe} 13...f5 $5 {[%c_effect f5;square;f5;type;Interesting;persistent;true] was a tad more accurate.} ) 14.Qe1 ( {The immediate} 14.e5 dxe5 15.Bc3 {also looks great for White.} ) 14...Ba6 {The only chance.} 15.Rd1 {Another deep Carlsen move.} ( {Against the immediate} 15.e5 {Black has} 15...c4 16.Nxc4 Bxc4 17.dxc4 d5 {still fighting.} ) 15...f5 16.e5 Ng6 ( {Now} 16...dxe5 17.Bc3 $1 {[%c_effect c3;square;c3;type;GreatFind;persistent;true]} 17...Qd5 18.Bxe5 Bxe5 19.Qxe5 Qxe5 20.fxe5 c4 21.Nc5 {would have practically smothered the black bishop.} ) 17.Nc4 ( {There was already a very pleasant choice, like} 17.exd6 Qxd6 18.Nc4 ) 17...Bxc4 $1 {[%c_effect c4;square;c4;type;GreatFind;persistent;true] At least getting rid of his ugly bishop.} ( {After} 17...dxe5 18.Nxe5 Nxe5 19.fxe5 {Black's position should slowly collapse as the light-squared bishop is completely useless.} ) 18.dxc4 d5 19.Nxc5 Qc8 20.Nb3 O-O 21.Bb4 $1 {[%c_effect b4;square;b4;type;GreatFind;persistent;true]} 21...Re8 22.Bd6 {Firouzja did everything that he could and is... dead lost. His two remaining pieces are no match for the white ones and once White coordinates his major pieces it would be over.} 22...Qa6 {At least activating a piece. And believe it or not, this almost worked.} ( {If a move like} 22...dxc4 23.Nc5 Bf8 24.Rb1 {Black has hardly any useful moves.} ) 23.Qc3 {A blip in the system $1} ( 23.c5 $1 {[%c_effect c5;square;c5;type;GreatFind;persistent;true] was called for, when everything was under control.} ) 23...Rad8 {Missing the tactical chance $1} ( {Black is correctly avoiding} 23...Qxc4 24.Qxc4 dxc4 25.Nc5 ) ( {However} 23...c5 $1 {[%c_effect c5;square;c5;type;GreatFind;persistent;true] would have now worked as} 24.Nxc5 $4 {[%c_effect c5;square;c5;type;Blunder;persistent;true] drops a piece due to the pin} ( {Therefore} 24.Bxc5 {would have been needed but then the black pieces would have come back to life} 24...dxc4 25.Nd4 Rad8 {and nothing would be clear anymore.} ) 24...Qxd6 $1 {[%c_effect d6;square;d6;type;GreatFind;persistent;true]} ) 24.c5 {Now it is back to normal.} 24...Bh6 25.g3 Rd7 26.Nd4 Rf7 27.Rb1 h4 28.Qd3 Qa4 ( {Any endgame is completely hopeless for Black} 28...Qxa2 29.Ra1 Qc4 30.Qxc4 dxc4 31.Nxc6 ) 29.a3 {This square was good for the rook.} ( {Therefore} 29.Rb3 $5 {[%c_effect b3;square;b3;type;Interesting;persistent;true] was faster and more convincing} 29...Qxa2 30.Nxc6 ) 29...a5 30.Rfd1 {Overprotecting the knight and preparing the queen trade with Qd3-b3. Firouzja has his last slim chance.} 30...hxg3 ( {Instead something like} 30...Rh7 31.Qb3 {is completely hopeless for Black.} ) 31.hxg3 Bxf4 $1 {[%c_effect f4;square;f4;type;GreatFind;persistent;true] And Black grabs his chance.} 32.gxf4 Nxf4 33.Qb3 {Carlsen naturally saw the desperate sacrifice but knew that the queens are traded.} 33...Qxb3 34.Rxb3 a4 35.Rb4 Rh7 {That's the last active try.} 36.Rf1 {A solid move in the time trouble.} ( {Instead} 36.Nxc6 Ne2+ 37.Kg2 f4 {looks scary for White, but if we prolong the line a bit} 38.Nd4 f3+ 39.Nxf3 gxf3+ 40.Kxf3 {we'll discover that White is still winning.} ) 36...Nh3+ 37.Kg2 Ng5 38.Nxc6 Ne4 {This knight is annoying, therefore White took care of it with} 39.Rxe4 {And allowed all the counterplay he wished to prevent $1} ( {Instead the other sacrifice} 39.Ne7+ $1 {[%c_effect e7;square;e7;type;GreatFind;persistent;true] would have won on the spot. First and foremost, accepting it means no activity for Black all after} 39...Rhxe7 ( {And, second, if the king steps on the seventh rank} 39...Kg7 {White has a pleasant choice of winning moves, like} 40.Nxf5+ $1 {[%c_effect f5;square;f5;type;GreatFind;persistent;true]} ( {Or} 40.Rb7 $1 {[%c_effect b7;square;b7;type;GreatFind;persistent;true]} ) 40...exf5 41.Rb7+ Kg6 42.Rxh7 Kxh7 43.Rxf5 ) 40.Bxe7 Rxe7 41.c6 Nc5 42.Rb5 Na6 43.Ra5 {and it should be soon over.} ) 39...dxe4 40.Nd4 Rh3 41.c6 Kf7 42.c7 {This pawn is great.} ( {If} 42.Rh1 Rxh1 43.Kxh1 f4 $1 {[%c_effect f4;square;f4;type;GreatFind;persistent;true] and it is anyone's game.} ) 42...Reh8 {But the black rooks are fabulous too. The white king is in huge danger.} 43.Nc6 Rh2+ 44.Kg3 Rxc2 45.Nd8+ {Just pushing the king where it wants to go.} ( {It was not too late to force a draw with} 45.Rh1 $1 {[%c_effect h1;square;h1;type;GreatFind;persistent;true]} 45...Rc3+ 46.Kf4 Rf3+ 47.Kg5 Rg8+ 48.Kh6 Rh8+ ) 45...Kg6 46.Nxe6 ( {Or} 46.Kf4 Rh3 47.Nxe6 {which transposes.} ) 46...Rh3+ 47.Kf4 Rf3+ 48.Rxf3 {With just a few seconds on the clock, Firouzja needs to make a decision.} 48...exf3 $1 {[%c_effect f3;square;f3;type;GreatFind;persistent;true] And he chooses right $1} ( {The other capture would have allowed White a chance to stop the pawns.} 48...gxf3 49.Kg3 f2 50.Nf4+ Kh7 51.Kg2 e3 52.Nd3 ) 49.Kg3 Rg2+ {The last episode of the thriller today. And perhaps not believing his luck yet, Firouzja forces a draw.} ( {Had Black had a few minutes on the clock, he might have found the pretty finish} 49...f2 $3 {[%c_effect f2;square;f2;type;Brilliant;persistent;true] First and foremost, this is a huge threat, and White does not have the time to promote his queen with} 50.Nc5 ( {Second, the pawns cannot be slowed down by the white king} 50.Kg2 g3 51.Nc5 Rc1 52.c8=Q f1=Q+ 53.Kxg3 Rc3+ {as Black mates faster.} ) ( {Last, but not least, if White tries to bring on the reserves with} 50.Nf4+ {Then Black has the study-like} 50...Kh7 $3 {[%c_effect h7;square;h7;type;Brilliant;persistent;true] when the black passers are unstoppable} ( {The straightforward} 50...Kg5 {does not work after} 51.Be7+ Kh6 52.Kg2 ( {And not} 52.c8=Q $4 {[%c_effect c8;square;c8;type;Blunder;persistent;true] due to the familiar} 52...f1=N+ $1 {[%c_effect f1;square;f1;type;GreatFind;persistent;true]} 53.Kh4 Rh2+ 54.Nh3 Rxh3# ) 52...g3 {As now White has the amazing} 53.Ne6 $3 {[%c_effect e6;square;e6;type;Brilliant;persistent;true] when the pawns are stopped as both} ( {Not} 53.Bh4 Rc1 $1 {[%c_effect c1;square;c1;type;GreatFind;persistent;true]} ) 53...f4 $2 {[%c_effect f4;square;f4;type;Mistake;persistent;true]} ( {And} 53...Rc1 $4 {[%c_effect c1;square;c1;type;Blunder;persistent;true]} 54.Bg5+ {lose on the spot for Black.} ) ( {True, Black can still try} 53...Kh5 {But then White should survive after} 54.Bc5 $1 {[%c_effect c5;square;c5;type;GreatFind;persistent;true]} ( {Or} 54.Bg5 $1 {[%c_effect g5;square;g5;type;GreatFind;persistent;true]} ) 54...Rc1 55.Bxf2 gxf2 56.Kxf2 ) 54.Bg5+ ) 51.Kg2 g3 52.Nd3 f4 ) 50...f1=N+ 51.Kf4 ( 51.Kh4 Rh2# ) 51...Rf2# ) 50.Kh4 Rh2+ 51.Kg3 Rg2+ ( {It is too late to fight for the full point} 51...f2 {can be answered} 52.Nf4+ Kg5 {And now a choice of perpetuals} ( {And not} 52...Kf7 $2 {[%c_effect f7;square;f7;type;Mistake;persistent;true]} 53.Kxh2 $1 {[%c_effect h2;square;h2;type;GreatFind;persistent;true]} ( {White, beware $1} 53.c8=Q $4 {[%c_effect c8;square;c8;type;Blunder;persistent;true]} 53...f1=N# ) 53...f1=Q 54.e6+ {when White wins.} ) 53.Be7+ {White delivers it} ( {Or Black delivers the perpetual with} 53.Kxh2 f1=Q 54.Ne6+ Kh5 55.c8=Q Qf2+ 56.Kh1 Qf1+ ) 53...Kh6 54.Bf8+ Kg5 55.Be7+ ) 52.Kh4 1/2-1/2

[Event "Global Chess League"]
[Site "chess24.com"]
[Date "2023.06.30"]
[Round "9.3"]
[White "Wei, Yi"]
[Black "Radjabov, Teimour"]
[Result "1-0"]
[WhiteElo "2716"]
[BlackElo "2694"]
[EventDate "2023.??.??"]
[Annotator "Bojkov,Dejan"]
[PlyCount "93"]
[Beauty "7216350404648"]
[EventType "team-tourn"]
[WhiteTeam "China"]
[BlackTeam "Azerbaijan"]
[WhiteTeamCountry "CHN"]
[BlackTeamCountry "AZE"]

1.d4 Nf6 2.c4 e6 3.Nf3 b6 4.g3 Bb7 {It is quite amusing to see a KID guru fianchetto the other bishop first, but Radjabov will nevertheless get what he knows best sooner than later.} 5.Bg2 Be7 6.O-O O-O 7.Nc3 Ne4 8.Bd2 Nxd2 9.Qxd2 d6 10.e4 Nd7 11.Rad1 ( {Radjabov was successful in an earlier game of his after:} 11.Rfe1 c5 12.d5 e5 13.h4 g6 14.Bh3 Nf6 15.Kg2 Re8 16.a3 Bc8 17.Bxc8 Qxc8 18.Rh1 Nh5 19.Rag1 Rf8 20.Kf1 f5 {Yilmaz,M (2633)-Radjabov,T (2747) Shusha 2022} ) 11...c5 12.d5 e5 {Here it is, Black is heading to a closed setup, typical for the KID. In doing so, however, he is risking heavily as if he does not succeed to create his counterplay in time, Black can get easily smothered.} 13.Ne1 {The knight is heading to the optimal square on d3, while opening the road for his f-pawn.} 13...a6 14.a4 {Wei wants control on the queenside in order to get a one-sided kingside attack.} 14...Bc8 $1 $146 {[%c_effect c8;square;c8;type;GreatFind;persistent;true] The bishop belongs on this diagonal. Meanwhile, Black is opening the b-file for his rook.} ( {The predecessor saw:} 14...Bf6 $5 {[%c_effect f6;square;f6;type;Interesting;persistent;true]} 15.Nd3 Qe7 16.Bh3 g6 17.Rde1 Rae8 18.Qd1 Bc8 19.f4 {Tisdall,J (2410)-Levitt,J (2295) London, Bayswater 1982, but despite winning the game later, White did not have anything to brag about after} 19...exf4 20.gxf4 Bd4+ ) 15.f4 Bf6 ( {In case of} 15...exf4 16.gxf4 Ra7 17.Kh1 {White's attack develops with ease.} ) 16.Nf3 {The knight is trying to control all the important dark squares.} ( {In case of} 16.f5 Bg5 17.Qe2 {Black can prepare for the kingside battle with} 17...Kh8 ) 16...Rb8 17.Rf2 $5 {[%c_effect f2;square;f2;type;Interesting;persistent;true] Wei is just a step away from his optimal setup. If he got a chance to play the cementing Bg2-f1 move, he would have a solid positonal advantage. That is why Radjabov goes for} ( 17.f5 $5 {[%c_effect f5;square;f5;type;Interesting;persistent;true] here made more sense.} ) 17...b5 $1 {[%c_effect b5;square;b5;type;GreatFind;persistent;true] Just in time.} 18.axb5 ( {After} 18.cxb5 Qa5 19.Bf1 {White always has to recon with the idea} 19...exf4 20.gxf4 Bxc3 ) 18...Qa5 19.Bf1 Re8 {Adding pressure to the e4-pawn, and White is practically forced to block the center with} 20.f5 Bd8 21.g4 ( {Here} 21.Qe1 $5 {[%c_effect e1;square;e1;type;Interesting;persistent;true] deserved attention, with the idea to chase away the queen from its active position after} 21...Nf6 22.Ra1 Qb6 {and then resume the kingside play with} 23.h3 ) 21...Nf6 22.Rg2 Bd7 {Radjabov does not want to release the queenside tension yet.} ( {White's play is easier after} 22...axb5 23.cxb5 Qb4 24.Qe2 ) 23.Qe1 $1 {[%c_effect e1;square;e1;type;GreatFind;persistent;true] A nice square for the queen, eyeballing both the flanks.} ( {The push} 23.g5 $6 {[%c_effect g5;square;g5;type;Inaccuracy;persistent;true] is definitely premature due to} 23...Nh5 ) ( {However, another prophylactical move} 23.Kh1 $5 {[%c_effect h1;square;h1;type;Interesting;persistent;true] deserved serious investigation as well.} ) 23...axb5 {It is time for something concrete, as otherwise, White will simply crash through on the kingside after Qe1-h4 and g4-g5 $1} 24.cxb5 ( {After the preliminary} 24.Ra1 {Black would have found similar queenside play with} 24...Qc7 25.cxb5 ( {Or} 25.Nxb5 Bxb5 26.cxb5 c4 ) 25...c4 ) 24...c4 $1 {[%c_effect c4;square;c4;type;GreatFind;persistent;true] More open files and diagonals are essential for Radjabov's counterplay.} 25.Bxc4 Qb4 26.Bd3 $1 {[%c_effect d3;square;d3;type;GreatFind;persistent;true] Still, Wei seems to be in full control of the situation.} 26...Ba5 27.Qh4 {The last preparatory move.} ( {But not} 27.g5 $6 {[%c_effect g5;square;g5;type;Inaccuracy;persistent;true]} 27...Nh5 $1 {[%c_effect h5;square;h5;type;GreatFind;persistent;true]} ) ( {Nor} 27.h4 $6 {[%c_effect h4;square;h4;type;Inaccuracy;persistent;true]} 27...h5 $1 {[%c_effect h5;square;h5;type;GreatFind;persistent;true]} ) 27...Qc5+ 28.Kh1 Bxc3 29.g5 $1 {[%c_effect g5;square;g5;type;GreatFind;persistent;true] And this time it is Wei who is just in time to deliver a blow on his own flank.} ( {Otherwise, Black would have been just in time to secure his kingside after} 29.bxc3 Qe3 30.Ng1 Bxb5 31.Rg3 Qh6 $1 {[%c_effect h6;square;h6;type;GreatFind;persistent;true]} ) 29...Nxd5 {The only move.} ( {There is definitely no time for} 29...Bxb2 30.gxf6 ) 30.exd5 {But that is not optimal.} ( {The Chinese GM would have done better had he had inserted the nasty} 30.g6 $3 {[%c_effect g6;square;g6;type;Brilliant;persistent;true] first. Then if} 30...hxg6 ( {And in case of} 30...fxg6 31.exd5 {White has a huge, probably decisive attack, say} 31...Bxb2 ( {Here} 31...e4 {is coming short due to} 32.Ng5 $1 {[%c_effect g5;square;g5;type;GreatFind;persistent;true]} 32...h6 33.Nxe4 {and Black has nothing else but to sacrifice the exchange with} 33...Rxe4 34.Qxe4 Bxf5 35.Qf3 {when Black does not get enough for his material.} ) 32.Ng5 h6 {Now the most convincing win is} 33.f6 $3 {[%c_effect f6;square;f6;type;Brilliant;persistent;true]} 33...hxg5 34.Qxg5 ) 31.fxg6 Nf6 ( {Nothing changes} 31...fxg6 32.exd5 ) 32.gxf7+ Kxf7 33.Ng5+ Kg8 {The black king is exposed and one defender only on f6-square should not save it after} 34.Rf1 $1 {[%c_effect f1;square;f1;type;GreatFind;persistent;true]} ) 30...e4 $3 {[%c_effect e4;square;e4;type;Brilliant;persistent;true] Played instantly, Radjabov finds a way to insert her majesty into the game at once.} ( {The alternative} 30...Bxb2 $2 {[%c_effect b2;square;b2;type;Mistake;persistent;true]} 31.g6 fxg6 32.Ng5 h6 33.f6 $1 {[%c_effect f6;square;f6;type;GreatFind;persistent;true] would have led to a mate to the black king.} ) 31.Bxe4 ( {There was still a possibility for} 31.g6 {But this time things are different and Black has} 31...hxg6 32.fxg6 exf3 $1 {[%c_effect f3;square;f3;type;GreatFind;persistent;true] Annihilating the strong attacker. White's initiative is still strong enough, but likely only for a draw as this non-forcing line suggests} 33.gxf7+ Kxf7 34.Bg6+ Kf8 35.Rf2 Bf6 36.Qh8+ Ke7 37.Re1+ Kd8 38.Rxe8+ Bxe8 39.Qxe8+ Kc7 40.Qc6+ Qxc6 41.bxc6 {Here, the most convincing draw seems to be} 41...Rb3 $1 {[%c_effect b3;square;b3;type;GreatFind;persistent;true]} 42.Be4 Bd4 43.Rxf3 Rxf3 44.Bxf3 Bxb2 ) 31...Qe3 $1 {[%c_effect e3;square;e3;type;GreatFind;persistent;true]} 32.bxc3 Rxe4 33.Qg3 Qxc3 {Black consolidated himself and Wei needs to try the last wave of the attack.} 34.Nd4 ( {After the immediate} 34.g6 {the safest seems} 34...fxg6 35.fxg6 h6 ) 34...Qc5 35.g6 hxg6 $5 {[%c_effect g6;square;g6;type;Interesting;persistent;true] A risky, but perfectly playable move. Now anything is possible.} ( {Safer was} 35...fxg6 36.fxg6 h6 37.Ne6 Qxb5 38.Qxd6 Bxe6 39.dxe6 Qe8 {with a draw.} ) 36.Ne6 $5 {[%c_effect e6;square;e6;type;Interesting;persistent;true] And a brave reply from Wei. In the severe time scramble, both players will try their best for the win, ignoring the risk. The exclamation marks do not come for the objective strength of the move, but for the courage.} 36...Qxb5 ( {The knight is immune} 36...fxe6 $2 {[%c_effect e6;square;e6;type;Mistake;persistent;true] loses to} 37.Qxg6 Qc3 38.f6 ) ( {But} 36...Bxe6 $5 {[%c_effect e6;square;e6;type;Interesting;persistent;true] was possible when} 37.fxe6 Rf8 {is unclear, but close to even.} ) ( {However, the beautiful} 36...Qb4 $3 {[%c_effect b4;square;b4;type;Brilliant;persistent;true] would have won for Black instead, when after} 37.fxg6 fxe6 38.Qh3 {Black can block the attacking queen with} 38...Rh4 $1 {[%c_effect h4;square;h4;type;GreatFind;persistent;true]} ( {Or Black could have also gone for counterattack himself with} 38...Re1+ $1 {[%c_effect e1;square;e1;type;GreatFind;persistent;true] which would have been equally strong.} ) ) 37.fxg6 fxe6 38.Qh3 {White's attack is big, but is it enough for the win $2} 38...Rf4 $1 {[%c_effect f4;square;f4;type;GreatFind;persistent;true] Secures the king along the f-file.} 39.Rc2 ( {It was time to force the draw with} 39.Qh7+ Kf8 40.Qh8+ Ke7 41.Qxg7+ Kd8 {But the best move here is far from obvious, it is} 42.Qa1 $3 {[%c_effect a1;square;a1;type;Brilliant;persistent;true] protecting the back rank, while opening the road for the passer. Then the machine claims a draw, say} ( {But White should definitely refrain from} 42.dxe6 $4 {[%c_effect e6;square;e6;type;Blunder;persistent;true]} 42...Rf1+ 43.Rxf1 Qxf1+ 44.Rg1 Bc6# ) 42...Ke7 43.Qg7+ ) 39...e5 {Missing another golden opportunity.} ( {A similar idea to the one from above would have still won for the Azeri GM after} 39...Qa4 $3 {[%c_effect a4;square;a4;type;Brilliant;persistent;true]} 40.Qh7+ Kf8 41.Qh8+ Ke7 42.Qxg7+ Kd8 43.Qh8+ Be8 44.g7 Qe4+ 45.Rg2 Rg4 $1 {[%c_effect g4;square;g4;type;GreatFind;persistent;true]} ) 40.Qh7+ Kf8 41.Qh8+ Ke7 42.Qxg7+ Kd8 43.Qh8+ Be8 44.g7 {The last key moment.} 44...Qa4 {And the final mistake $1} ( {Radjabov could have still saved the game with} 44...Rf1+ $3 {[%c_effect f1;square;f1;type;Brilliant;persistent;true]} 45.Kg2 {and now} 45...Qa4 $1 {[%c_effect a4;square;a4;type;GreatFind;persistent;true]} 46.Kxf1 Qxc2 47.Qxe8+ $1 {[%c_effect e8;square;e8;type;GreatFind;persistent;true]} 47...Kxe8 48.g8=Q+ Kd7 49.Qe6+ Kc7 50.Qe7+ Kc8 51.Qe8+ ) 45.g8=Q {Now White wins.} 45...Qe4+ 46.Rg2 Kc7 47.Qhh7+ 1-0